|
|
|
|
| LEADER |
00000nab a2200000 4500 |
| 001 |
vtls011745723 |
| 003 |
SK-MaSNL |
| 005 |
20260303082354.0 |
| 008 |
180312| xo |||| ||an ||00 0|slo |
| 015 |
|
|
|a SNBRB2018/03
|
| 040 |
|
|
|e rda
|
| 041 |
|
|
|a slo
|b slo
|
| 044 |
|
|
|a xo
|c SK
|
| 072 |
|
7 |
|a 37
|x Výchova a vzdelávanie
|2 konspekt
|
| 080 |
|
|
|a 373/378
|2 2011
|
| 100 |
1 |
|
|a Novotná, Erika
|4 aut
|9 604237
|
| 245 |
1 |
0 |
|a Výchovný program pre školské výchovno-vzdelávacie zariadenia
|c Erika Novotná
|
| 336 |
|
|
|a text
|b txt
|2 rdacontent
|
| 337 |
|
|
|a bez média
|b n
|2 rdamedia
|
| 338 |
|
|
|a zväzok
|b nc
|2 rdacarrier
|
| 504 |
|
|
|a Obsahuje bibliografiu
|
| 546 |
|
|
|a Slovenské resumé
|
| 650 |
0 |
7 |
|a výchovné programy
|2 snkbucl
|9 428435
|
| 650 |
0 |
7 |
|a školy
|2 snkbucl
|9 1276
|
| 773 |
0 |
|
|t Vychovávateľ
|g Roč. LXV, č. 1-2 (2018), s. 2-9
|x 0139-6919
|
| 787 |
0 |
8 |
|i Rec.:
|
| 958 |
|
|
|a NB
|
| 999 |
|
|
|c 1787724
|d 1789654
|